Fragmentos de canciones - Estadísticas

Estadísticas generales
  • Esta prueba ha sido intentada 177 veces
  • La puntuación promedio es 5 de 16
Estadísticas de respuestas
Hint Respuesta % Correcto
Tenía tanto que darte, tantas cosas que ____. Tenía tanto amor... Contarte
87%
Baby, no me llames, que yo estoy ocupá ____ tus males Olvidando
81%
Ni una sola palabra, ni ____ ni miradas Gestos
73%
Sabes que soñaré si no estás que ____ contigo Despierto
52%
Qué bonito sería poder volar y a tu lado ponerme yo a ____. Cantar
51%
Si pienso en ti siento que esta vida no es justa. Si pienso en ti y en la ____ de esa mirada tuya Luz
40%
Don't forget me, I beg. I ____ you said Remember
28%
Y hemos venido a cantar, a reír y disfrutar, después de tanto ____. Trabajar
26%
Don't get too close, it's dark ____ Inside
23%
Camino y camino, pero no levanto el ____. Vuelo
21%
J'aime le ciel, le jour, la nuit. Je ____ avec le vent, la pluie Danse
11%
Fool me once, fool me twice. Are you death or ____. Paradise
3%
Don't know why I'm hoping for what I won't receive. Fallin' for the promise of the ____ machine Emptiness
2%
Not afraid to ____ it, I need you more than I want to Face
2%
Sueña con la luna llena, ella es ____ y genia. Libre como el agua, ella se levanta si tropieza Autora
0%
Niña, no pienses lo que es presente, ____ el mal sueño no va a regresar Mañana
0%
No se encontraron pruebas coincidentes
Distribución de puntuación
Porcentaje de gente con cada puntuación
Porcentaje por número respondido
Historial de tus puntuaciones
No has intentado esta prueba.